|
|
|
|
| LEADER |
00000cam a2200000 7i4500 |
| 001 |
0000000910 |
| 005 |
20001106.0 |
| 020 |
0 |
0 |
|a 9839986325
|
| 090 |
0 |
0 |
|a 297
|b AH 1993
|
| 100 |
0 |
0 |
|a MAHATHIR bin Mohamad
|f Dato' Seri
|c 1925-
|
| 245 |
1 |
0 |
|a Perspectives on Islam and the future of muslims :
|b [Mahathir bin Mohamad]
|
| 260 |
0 |
0 |
|a Kuala Lumpur :
|b Institute of Islamic Understanding, Malaysia ,
|c 1993
|
| 300 |
|
|
|a i, 23 p. ;
|c 25 cm.
|
| 500 |
0 |
0 |
|a Includes bibliographical references
|
| 650 |
0 |
0 |
|a Islam
|x 20th century
|
| 999 |
|
|
|a 0000000683
|b Monograph
|c Open Shelf
|e Default branch
|